| 000 | 00826nam a2200229 a 4500 | ||
|---|---|---|---|
| 001 | 72122 | ||
| 003 | BD-RjUL | ||
| 005 | 20211209082219.0 | ||
| 008 | 170514s1975 bg |||| |||| 000 0 ben d | ||
| 020 | _c: Tk. 8.00 | ||
| 035 | _a(BD-RjUL)72338 | ||
| 040 |
_aBD-RjUL _beng _cBD-RjUL |
||
| 041 | _aeng | ||
| 082 |
_223 _a346.05 _bISB 1975 |
||
| 100 | 1 |
_aইসলাম, খায়রুল _9213302 |
|
| 245 | 1 | 0 |
_aবাংলা দলিল : _bপ্রকরণ ও পদ্ধতি / _cখায়রুল ইসলাম |
| 260 |
_aঢাকা : _bআদিল ব্রাদার্স এণ্ড কোং., _c১৯৭৫ [১৩৮১] |
||
| 300 |
_a২০৮ পৃ. ; _c২৪ সেমি. |
||
| 650 |
_aউত্তরাধিকার _9213303 |
||
| 650 |
_aInheritance _9213304 |
||
| 942 |
_2ddc _cBK |
||
| 999 |
_c72122 _d72122 |
||